00691nam a2200241 a 4500001001300000003000900013005001700022008004100039020000800080082001300088100002100101245005700122260003300179300000900212500003500221505001000256650002300266700002100289902000800310942000700318952010900325999001500434nice12345678IN_TiNIC20260116011840.0050524s1939 lona grp 000 0 eng  ac500a901bPLE aPlessis, Jean Du aHuman Caravanb the Direction and Meaning of History aLondonbSheed and Wardc1939 a366p aincludes index and biblioraphy2 aIndex aHistory-Philosophy1 aPlessis, Jean Du bSRS cBK 001040708StackRoom-aHMIbHMId2007-06-04g5.00l0o901 PLEp05787r2007-06-04v5.00w2005-05-24yBK c4428d4428